000 00433nam a2200133Ia 4500
008 151001s9999||||xx |||||||||||||| ||und||
100 _aरमाकांत बोंगाळे
245 _aयथार्थ पसायदान व अभंग रत्नमाला
250 _a1
260 _b"गवळी प्रकाशन, इस्लामपूर"
260 _c2013
300 _a158
365 _b21
999 _c1001333
_d1001330